[Event "Wch Seniors 50 26th"]
[Site "Marianske Lazne"]
[Date "2016.11.26"]
[Round "7"]
[White "Koblizek, Lubomir"]
[Black "Jesensky, Jaromir"]
[Result "0-1"]
[WhiteElo "1811"]
[BlackElo "1500"]
[PlyCount "68"]
[EventDate "2016.11.19"]
[EventType "swiss"]
[EventRounds "11"]
[EventCountry "CZE"]
[SourceTitle "CBM 175 Extra"]
[Source "ChessBase"]
[SourceDate "2016.12.12"]
[SourceVersion "1"]
[SourceVersionDate "2016.12.12"]
[SourceQuality "1"]

1. f4 d6 2. Nf3 Nf6 3. d3 Bg4 4. e4 Bxf3 5. Qxf3 c6 6. Be3 Qa5+ 7. Nc3 e5 8. f5 Qc7 9. Be2 Nbd7 10. g4 h6 11. h4 Nb6 12. g5 Nh7 13. Rf1 0-0-0 14. Qh5 Be7 15. Bg4 Kb8 16. Qxf7 hxg5 17. Qxg7 gxh4 18. Qf7 Nf6 19. Bh3 Rh7 20. Qb3 Rg8 21. Bf2 Qd8 22. 0-0-0 Nh5 23. Ne2 Ng3 24. Bxg3 hxg3 25. f6 Bxf6 26. Rxf6 Rxh3 27. Ng1 Rhh8 28. Qe6 Nc8 29. Nf3 g2 30. Rg1 Rf8 31. Rxf8 Rxf8 32. Qh3 Qf6 33. Nd2 Qg5 34. Rxg2 Rf1# 0-1

[Event "Wch Seniors 50 26th"]
[Site "Marianske Lazne"]
[Date "2016.11.21"]
[Round "3"]
[White "Meier, Franz"]
[Black "Jesensky, Jaromir"]
[Result "1-0"]
[WhiteElo "1859"]
[BlackElo "1500"]
[PlyCount "25"]
[EventDate "2016.11.19"]
[EventType "swiss"]
[EventRounds "11"]
[EventCountry "CZE"]
[SourceTitle "CBM 175 Extra"]
[Source "ChessBase"]
[SourceDate "2016.12.12"]
[SourceVersion "1"]
[SourceVersionDate "2016.12.12"]
[SourceQuality "1"]

1. e4 d5 2. exd5 Qxd5 3. Nc3 Qd6 4. d4 Nf6 5. Nf3 c6 6. Ne5 Bf5 7. Be2 Nbd7 8. f4 Nd5 9. Nxd5 Qxd5 10. 0-0 Nf6 11. Bc4 Qe4 12. Bxf7+ Kd8 13. Bb3 1-0

[Event "Tatry op"]
[Site "Tatranske Zruby"]
[Date "2013.10.02"]
[Round "5"]
[White "Bracok, Stefan"]
[Black "Jesensky, Jaromir"]
[Result "1-0"]
[WhiteElo "1704"]
[BlackElo "1574"]
[PlyCount "57"]
[EventDate "2013.09.29"]
[EventType "swiss"]
[EventRounds "9"]
[EventCountry "SVK"]
[SourceTitle "EXT 2023"]
[Source "ChessBase"]
[SourceDate "2022.10.05"]
[SourceVersion "1"]
[SourceVersionDate "2022.10.05"]
[SourceQuality "1"]

1. e4 d5 2. exd5 Qxd5 3. Nc3 Qd6 4. d4 Nf6 5. Be2 c6 6. Nf3 Bf5 7. h3 h6 8. Be3 e6 9. Qd2 Qc7 10. a3 Nbd7 11. Bc4 Nb6 12. Bb3 Be4 13. Qe2 Bxf3 14. Qxf3 Be7 15. Ne2 Nbd5 16. Bd2 Nh7 17. c4 Nb6 18. Bf4 Qd8 19. 0-0 Bg5 20. Qg3 Bf6 21. Rad1 Ke7 22. Rfe1 Re8 23. d5 Nc8 24. Bc2 Rh8 25. Be5 Ke8 26. Nf4 Bxe5 27. Rxe5 Qf6 28. Nh5 Qe7 29. Qxg7 1-0

[Event "Tatry op"]
[Site "Tatranske Zruby"]
[Date "2013.09.30"]
[Round "2"]
[White "Bohm, Vilem"]
[Black "Jesensky, Jaromir"]
[Result "1-0"]
[WhiteElo "1770"]
[BlackElo "1574"]
[PlyCount "31"]
[EventDate "2013.09.29"]
[EventType "swiss"]
[EventRounds "9"]
[EventCountry "SVK"]
[SourceTitle "EXT 2023"]
[Source "ChessBase"]
[SourceDate "2022.10.05"]
[SourceVersion "1"]
[SourceVersionDate "2022.10.05"]
[SourceQuality "1"]

1. e4 d5 2. e5 Bf5 3. d4 e6 4. Bd3 c5 5. Bxf5 exf5 6. c3 g6 7. Be3 c4 8. Ne2 Bh6 9. Qd2 Qh4 10. 0-0 Bxe3 11. Qxe3 Qe7 12. Nf4 Nc6 13. Nxd5 Qd7 14. Nf4 Nge7 15. Na3 Nd5 16. Qf3 1-0

[Event "Tatry op"]
[Site "Tatranske Zruby"]
[Date "2013.09.29"]
[Round "1"]
[White "Silhavy, Miroslav"]
[Black "Jesensky, Jaromir"]
[Result "1-0"]
[WhiteElo "1781"]
[BlackElo "1574"]
[PlyCount "57"]
[EventDate "2013.09.29"]
[EventType "swiss"]
[EventRounds "9"]
[EventCountry "SVK"]
[SourceTitle "EXT 2023"]
[Source "ChessBase"]
[SourceDate "2022.10.05"]
[SourceVersion "1"]
[SourceVersionDate "2022.10.05"]
[SourceQuality "1"]

1. e4 d5 2. exd5 Qxd5 3. Nc3 Qd6 4. d4 Nf6 5. Be2 c6 6. Be3 Bf5 7. Bf3 e6 8. Nge2 Qc7 9. Ng3 Bg6 10. Nce4 Bxe4 11. Nxe4 Nxe4 12. Bxe4 Nd7 13. 0-0 Nf6 14. Bd3 Bd6 15. f4 Nd5 16. Qf3 0-0-0 17. g3 g6 18. Bd2 h5 19. c4 Nf6 20. Bc3 Rhg8 21. d5 Ng4 22. dxc6 Bc5+ 23. Kh1 b6 24. Be4 f5 25. Bc2 Rd6 26. Ba4 h4 27. h3 hxg3 28. Qxg3 Rh8 29. Bxh8 1-0

[Event "Janske Lazne op"]
[Site "Janske Lazne"]
[Date "2013.05.10"]
[Round "6"]
[White "Jesensky, Jaromir"]
[Black "Svec, Ludek"]
[Result "0-1"]
[WhiteElo "1600"]
[BlackElo "1795"]
[PlyCount "22"]
[EventDate "2013.05.07"]
[EventType "swiss"]
[EventRounds "8"]
[EventCountry "CZE"]
[SourceTitle "CBM 154 Extra"]
[Source "ChessBase"]
[SourceDate "2013.06.25"]
[SourceVersion "2"]
[SourceVersionDate "2013.06.25"]
[SourceQuality "1"]

1. e4 c5 2. Nc3 e6 3. g3 Nc6 4. Bg2 Nf6 5. d3 d5 6. exd5 exd5 7. Bg5 Be7 8. Bxf6 Bxf6 9. Qe2+ Be6 10. Bxd5 Bxc3+ 11. bxc3 Qxd5 0-1

[Event "Marianske Lazne op 12th"]
[Site "Marianske Lazne"]
[Date "2013.01.26"]
[Round "9"]
[White "Jesensky, Jaromir"]
[Black "Dyrnes, Jussi"]
[Result "1-0"]
[WhiteElo "1577"]
[BlackElo "1827"]
[PlyCount "55"]
[EventDate "2013.01.19"]
[EventType "swiss"]
[EventRounds "9"]
[EventCountry "CZE"]
[SourceTitle "CBM 152 Extra"]
[Source "ChessBase"]
[SourceDate "2013.02.25"]
[SourceVersion "1"]
[SourceVersionDate "2013.02.25"]
[SourceQuality "1"]

1. e4 Nf6 2. e5 Nd5 3. d4 d6 4. Nf3 dxe5 5. Nxe5 c6 6. Bd3 Nd7 7. Ng4 Qc7 8. c3 e6 9. g3 Bd6 10. Nd2 h5 11. Ne3 Nxe3 12. fxe3 Nf6 13. Ne4 Nxe4 14. Bxe4 h4 15. Kd2 Bd7 16. Qf3 f5 17. Bd3 hxg3 18. hxg3 Rxh1 19. Qxh1 0-0-0 20. Kc2 Bxg3 21. e4 fxe4 22. Bxe4 Rf8 23. Be3 g5 24. Qh6 Qd8 25. Bxg5 Rf2+ 26. Kd3 Qa5 27. Qh8+ Kc7 28. Bd8+ 1-0

[Event "Novy Bor op 3rd"]
[Site "Novy Bor"]
[Date "2012.02.12"]
[Round "2"]
[White "Jesensky, Jaromir"]
[Black "Maliszewski, Jaroslaw"]
[Result "0-1"]
[WhiteElo "1640"]
[BlackElo "1814"]
[PlyCount "74"]
[EventDate "2012.02.11"]
[EventType "swiss"]
[EventRounds "9"]
[EventCountry "CZE"]
[SourceTitle "CBM 147 Extra"]
[Source "ChessBase"]
[SourceDate "2012.04.24"]
[SourceVersion "1"]
[SourceVersionDate "2012.04.24"]
[SourceQuality "1"]

1. e4 c5 2. Nc3 Nc6 3. g3 g6 4. Bg2 Bg7 5. d3 d6 6. f4 Nd4 7. Be3 Qa5 8. Qd2 Bg4 9. h3 Be6 10. Nf3 b5 11. e5 dxe5 12. Nxe5 Rc8 13. 0-0 Nf6 14. a3 Qb6 15. Ne4 0-0 16. Qf2 Nxe4 17. dxe4 Rfd8 18. Nd3 Bc4 19. Rfd1 Bxd3 20. Rxd3 e5 21. Rad1 exf4 22. Bxf4 Ne2+ 23. Kh2 Rxd3 24. cxd3 Nxf4 25. gxf4 Bd4 26. Qe2 Qf6 27. f5 Bxb2 28. Rf1 Qe5+ 29. Kh1 Bxa3 30. Qf2 Rc7 31. Qf3 b4 32. Qg4 Bb2 33. Qg5 Qf6 34. Qh6 g5 35. Qh5 a5 36. Qg4 Kh8 37. Qg3 Be5 0-1

[Event "Karlovy Vary op"]
[Site "Karlovy Vary"]
[Date "2009.05.03"]
[Round "7"]
[White "Jesensky, Jaromir"]
[Black "Ruzicka, Jiri"]
[Result "0-1"]
[WhiteElo "1686"]
[BlackElo "1658"]
[PlyCount "66"]
[EventDate "2009.04.29"]
[EventType "swiss"]
[EventRounds "7"]
[EventCountry "CZE"]
[SourceTitle "CBM 130 Extra"]
[Source "ChessBase"]
[SourceDate "2009.07.02"]
[SourceVersion "2"]
[SourceVersionDate "2009.07.15"]
[SourceQuality "1"]

1. e4 e5 2. Bc4 Nc6 3. a3 Nf6 4. d3 d6 5. Nf3 Bg4 6. h3 Bh5 7. g4 Bg6 8. Nh4 Be7 9. Nc3 Qd7 10. f4 exf4 11. Bxf4 0-0-0 12. Qf3 Nd4 13. Qg2 a6 14. Nxg6 fxg6 15. 0-0-0 Rhf8 16. Be3 Nc6 17. d4 Na5 18. Be2 Qe8 19. d5 b5 20. Bd4 Nd7 21. Be3 Bf6 22. Bd4 Bxd4 23. Rxd4 Qe5 24. Rdd1 Rf7 25. Rhf1 Rdf8 26. Rxf7 Rxf7 27. Rf1 Rxf1+ 28. Bxf1 Qf4+ 29. Kb1 Ne5 30. Na2 Nac4 31. Bxc4 Nxc4 32. Nc3 Qe3 33. Ka2 Qc1 0-1

[Event "Karlovy Vary op"]
[Site "Karlovy Vary"]
[Date "2009.04.29"]
[Round "1"]
[White "Jesensky, Jaromir"]
[Black "Klecker, Tadeas"]
[Result "0-1"]
[WhiteElo "1686"]
[BlackElo "2124"]
[PlyCount "56"]
[EventDate "2009.04.29"]
[EventType "swiss"]
[EventRounds "7"]
[EventCountry "CZE"]
[SourceTitle "CBM 130 Extra"]
[Source "ChessBase"]
[SourceDate "2009.07.02"]
[SourceVersion "2"]
[SourceVersionDate "2009.07.15"]
[SourceQuality "1"]

1. e4 d6 2. d4 e5 3. dxe5 dxe5 4. Qxd8+ Kxd8 5. Bc4 f6 6. Nc3 c6 7. Nge2 Kc7 8. f4 Bd6 9. f5 b5 10. Bd3 a5 11. a4 b4 12. Nd1 Na6 13. b3 Nc5 14. Ne3 Ba6 15. Nc4 Bxc4 16. bxc4 Ne7 17. 0-0 Nc8 18. Be3 Nb6 19. Bxc5 Bxc5+ 20. Kh1 Bd4 21. Nxd4 exd4 22. c5 Nd7 23. Bc4 Nxc5 24. Rfe1 Rhe8 25. Bd3 Re5 26. Rad1 Nxa4 27. Bc4 Nb6 28. Rxd4 c5 0-1